Informačné a komunikačné technológie v matematickom vzdelávaní na EU v Bratislave 26.6.-28.6.2008, Virt, rekreačné zariadenie Ekonomickej univerzity v Bratislave Slovenská republika

Salvato in:
Dettagli Bibliografici
Ente Autore: Informačné a komunikačné technológie v matematickom vzdelávaní na EU v Bratislave
Natura: Libro
Lingua:slovacco
Pubblicazione: Bratislava Katedra matematiky Fakulty hospodárskej informatiky Ekonomickej univerzity v Bratislave 2008
Soggetti:
Tags: Aggiungi Tag
Nessun Tag, puoi essere il primo ad aggiungerne!!

MARC

LEADER 00000nam$a2200000$$$4500
001 0080337
005 20240109071036.9
041 0 |a slo 
044 |a SK 
245 1 0 |a Informačné a komunikačné technológie v matematickom vzdelávaní na EU v Bratislave  |b 26.6.-28.6.2008, Virt, rekreačné zariadenie Ekonomickej univerzity v Bratislave Slovenská republika 
264 1 |a Bratislava  |b Katedra matematiky Fakulty hospodárskej informatiky Ekonomickej univerzity v Bratislave  |c 2008 
300 |a 31 s. 
610 2 0 |a vzdelávanie vysokoškolské 
610 2 0 |a technológie informačné 
610 2 0 |a technológie komunikačné 
610 2 0 |a univerzity 
610 2 0 |a matematika 
110 2 |a Informačné a komunikačné technológie v matematickom vzdelávaní na EU v Bratislave